Autonomia i mitjans de comunicació : XVII Setmana d'Estudis Socials XVII Setmana d'Estudis Socials
Descripción Física:
155 p. ; 24 cm
Colección:
Quaderns d'Estudis Socials ; 2
MARC
| LEADER | 00000nam a2200000Ia 4500 | ||
|---|---|---|---|
| 001 | 2274 | ||
| 008 | 160829s1981 xx 000 0 cat d | ||
| 080 | |a C-1-279 | ||
| 100 | |a Setmana d'Estudis Socials (17a : 1981 : Barcelona) |9 33236 | ||
| 245 | |a Autonomia i mitjans de comunicació : |b XVII Setmana d'Estudis Socials | ||
| 260 | |a Barcelona : |b Institut de Ciències Socials de la Diputació de Barcelona, |c 1981 | ||
| 300 | |a 155 p. ; |c 24 cm | ||
| 490 | |a Quaderns d'Estudis Socials ; 2 | ||
| 650 | |a Autonomia |x Catalunya |9 30010 | ||
| 650 | |a Mitjans de comunicació de massa |x Catalunya |9 33237 | ||
| 710 | 2 | |9 54509 |a Institut de Ciències Socials (Barcelona, Catalunya) | |
| 901 | |a Arxiu | ||
| 942 | |n 1 |2 udc | ||
| 952 | |0 0 |1 0 |4 0 |6 C1279 |7 1 |9 46243 |a Arxiu |b Arxiu |d 2016-12-01 |l 0 |o C-1-279 |p 2274 |r 2016-12-01 00:00:00 |w 2016-12-01 |y ARXIU | ||
| 999 | |c 49745 |d 49745 | ||